Δημιουργία εκπαιδευτικού site ρομποτικής στα ελληνικά για Lego : μεταπτυχιακή εργασία

Από την επισκόπηση των υπαρχόντων ιστοσελίδων συμπεραίνουμε ότι υπάρχει έλλειμμα ιστοσελίδων στα Ελληνικά που να υποστηρίζουν σε βάθος την εκμάθηση ρομποτικής με πλατφόρμα LEGO. Στο ίδιο αντικείμενο στην Αγγλική γλώσσα ξεχωρίζουν 4 ιστοσελίδες για το υψηλό επίπεδο των μαθημάτων που προσφέρουν. Λόγω...

Πλήρης περιγραφή

Αποθηκεύτηκε σε:
Λεπτομέρειες βιβλιογραφικής εγγραφής
Κύριοι συγγραφείς: Φιλίππου, Στέφανος, Μαυρόπουλος, Νικόλαος (Συγγραφέας)
Συγγραφή απο Οργανισμό/Αρχή: Πανεπιστήμιο Αιγαίου. Σχολή Θετικών Επιστημών. Τμήμα Μηχανικών Πληροφοριακών και Επικοινωνιακών Συστημάτων. Π.Μ.Σ. Διδακτική Πληροφορικής και Επικοινωνιών
Άλλοι συγγραφείς: Καβαλλιεράτου, Εργίνα (dgsf)
Μορφή: Thesis Βιβλίο
Γλώσσα:Greek
Δημοσίευση: [2017].
Θέματα:
Διαθέσιμο Online:http://hdl.handle.net/11610/17199
Ετικέτες: Προσθήκη ετικέτας
Δεν υπάρχουν, Καταχωρήστε ετικέτα πρώτοι!

MARC

LEADER 00000cam a2200000 a 4500
001 1/114103
008 170525q2017####gr | ||| |||| ||gre||
040 |a GR-MyUa  |b gre  |c GR-MyUa  |e AACR2 
041 0 |a gre 
082 7 |a 372.358   |2 (23)  
100 1 |a Φιλίππου, Στέφανος. 
245 1 0 |a Δημιουργία εκπαιδευτικού site ρομποτικής στα ελληνικά για Lego :   |b μεταπτυχιακή εργασία /   |c Στέφανος Φιλίππου, Νικόλαος Μαυρόπουλος ; επιβλέπουσα καθηγήτρια Εργίνα Καβαλλιεράτου.  
260 |c [2017].  
300 |a 42 σ. :   |b εικ., σχέδια, πιν. ;   |c 30 εκ.  
500 |a Μέλη της εξεταστικής επιτροπής: Εργίνα Καβαλλιεράτου, Σκιάνης, Χαράλαμπος, Φεσάκης, Γεώργιος. 
502 |a Διατριβή (μεταπτυχιακή) - Πανεπιστήμιο Αιγαίου, Σάμος, 2017.  
504 |a Βιβλιογραφία: σ. 35-37.  
506 0 |a Διάθεση πλήρους κειμένου - Ελεύθερη πρόσβαση. 
520 8 |a Από την επισκόπηση των υπαρχόντων ιστοσελίδων συμπεραίνουμε ότι υπάρχει έλλειμμα ιστοσελίδων στα Ελληνικά που να υποστηρίζουν σε βάθος την εκμάθηση ρομποτικής με πλατφόρμα LEGO. Στο ίδιο αντικείμενο στην Αγγλική γλώσσα ξεχωρίζουν 4 ιστοσελίδες για το υψηλό επίπεδο των μαθημάτων που προσφέρουν. Λόγω της ραγδαίας αύξησης της ενασχόλησης αρκετών παιδιών με την ρομποτική με πλατφόρμα LEGO και των αναρίθμητων ωφελειών που προκύπτουν από αυτή κρίθηκε σκόπιμη η κατασκευή μιας ιστοσελίδας για την εκμάθηση ρομποτικής με LEGO. Η ιστοσελίδα είναι στην Ελληνική γλώσσα, περιέχει μαθήματα, κατασκευές και ασκήσεις. Το υλικό συλλέχτηκε εν μέρη από υπάρχοντα site ή όπου χρειάστηκε δημιουργήθηκε νέο. Το υλικό οργανώθηκε σε μια σειρά μαθημάτων σχεδιασμένα σύμφωνα με τους σύγχρονους κανόνες διδακτικής. Η ιστοσελίδα απευθύνεται κυρίως σε μαθητές 9 - 14 ετών. Είναι εύχρηστη και ελκυστική ενώ έγινε προσπάθεια να καλύψει τις απαιτήσεις του Πλαισίου Ποιότητας των Βρυξελλών (The Brussel Quality Framework).  
540 |a Κλειδωμένη η δυνατότητα αντιγραφής (copy) του κειμένου. 
650 0 |a Dissertations, Academic  |z Greece. 
650 0 |a Robotics  |x Study and teaching. 
650 0 |a LEGO Mindstorms toys. 
700 1 |a Μαυρόπουλος, Νικόλαος,  |e aut 
700 1 |a Καβαλλιεράτου, Εργίνα,  |e dgsf 
710 2 |a Πανεπιστήμιο Αιγαίου.   |b Σχολή Θετικών Επιστημών.   |b Τμήμα Μηχανικών Πληροφοριακών και Επικοινωνιακών Συστημάτων.   |b Π.Μ.Σ. Διδακτική Πληροφορικής και Επικοινωνιών. 
852 |a INST  |b SAMOS  |c DIATR  |e 20170525  |h 372.358 ΦΙΛ  |p 005300044615  |q 005300044615  |t MTXE  |y 23 
856 |u http://hdl.handle.net/11610/17199 
924 |a Φιλίππου  |b Στέφανος  |y Σάμος  |z 2017-03 
970 |a Κοσιέρης  |b Χρήστος  |z 25-05-2017